Implementing Functional languages / Simon L. Peyton Jones, David R. Lester (Registro nro. 12813)
[ vista simple ]
| 000 -LÍDER | |
|---|---|
| fixed length control field | 00581nam a2200169 4500 |
| 008 - ELEMENTOS DE LONGITUD FIJA -- INFORMACIÓN GENERAL | |
| fixed length control field | 0 1992 0a 000 0GB |
| 020 ## - NÚMERO INTERNACIONAL NORMALIZADO PARA LIBROS | |
| ISBN | 0-13-721952-0 |
| 050 ## - SIGNATURA TOPOGRAFICA DE LA BIBLIOTECA DEL CONGRESO (LC) | |
| Número de Clasificación | QA76.62 P519 |
| 082 ## - NUMERO DE CLASIFICACION DECIMAL DEWEY | |
| Número de Clasificación | 005.13 P573i |
| 100 ## - ASIENTO PRINCIPAL--NOMBRE PERSONAL | |
| Nombre personal | Peyton Jones, Simon L. |
| 245 ## - TÍTULO | |
| Título | Implementing Functional languages / Simon L. Peyton Jones, David R. Lester |
| 260 ## - PUBLICACIÓN, DISTRIBUCIÓN, ETC. (PIE DE IMPRENTA) | |
| Lugar de publicación, distribución, etc. | Gran Bretaña : Prentice Hall |
| 300 ## - DESCRIPCIÓN FÍSICA | |
| Extensión | xvi, 281 p. / 23 cm. |
| 440 ## - | |
| -- | Prentice Hall international series in computer science |
| 650 ## - ASIENTO SECUNDARIO DE MATERIA - TERMINO TEMÁTICO | |
| Término temático o nombre geográfico como elemento de entrada | 1.LENGUAJES DE PROGRAMACION FUNCIONALES |
| 700 ## - ASIENTO SECUNDARIO - NOMBRE PERSONAL | |
| Nombre personal | Lester, David R. Coaut. |
| No. biblioteca | No. biblioteca | Número de clasificación | Código de barras/Número de adquisición | Número de copia | Tipo de material |
|---|---|---|---|---|---|
| LUIS G. INCLAN | LUIS G. INCLAN | 005.13 P573i | 18861 | 1 | Libros |
| LUIS G. INCLAN | LUIS G. INCLAN | 005.13 P573i | 18862 | 2 | Libros |
| LUIS G. INCLAN | LUIS G. INCLAN | 005.13 P573i | 18863 | 3 | Libros |
